Schaum's outline of theory and problems of feedback and control systems / (Record no. 4053)

000 -LEADER
fixed length control field 00501nam a2200157 4500
008 - FIXED-LENGTH DATA ELEMENTS--GENERAL INFORMATION
fixed length control field 200713b ||||| |||| 00| 0 eng d
020 ## - INTERNATIONAL STANDARD BOOK NUMBER
International Standard Book Number 0070990573
082 00 - DEWEY DECIMAL CLASSIFICATION NUMBER
Classification number 629.83
Item number D6141
100 ## - MAIN ENTRY--PERSONAL NAME
9 (RLIN) 2041
Personal name Distefano, Joseph J.
245 10 - TITLE STATEMENT
Title Schaum's outline of theory and problems of feedback and control systems /
250 ## - EDITION STATEMENT
Edition statement 1st ed.
260 ## - PUBLICATION, DISTRIBUTION, ETC. (IMPRINT)
Place of publication, distribution, etc New York
Name of publisher, distributor, etc McGraw Hill
Date of publication, distribution, etc 1987
300 ## - PHYSICAL DESCRIPTION
Extent 371 p.
650 #0 - SUBJECT ADDED ENTRY--TOPICAL TERM
Topical term or geographic name as entry element Feedback control systems
942 ## - ADDED ENTRY ELEMENTS (KOHA)
Source of classification or shelving scheme
Item type Books
Holdings
Withdrawn status Lost status Source of classification or shelving scheme Damaged status Not for loan Permanent location Current location Date acquired Full call number Barcode Date last seen Koha item type
          IMU Kolkata IMU Kolkata 2020-07-13 629.83 D6141 07409 2020-07-13 Books
          IMU Kolkata IMU Kolkata 2020-07-13 629.83 D6141 07410 2020-07-13 Books
          IMU Kolkata IMU Kolkata 2020-07-13 629.83 D6141 07411 2020-07-13 Books
Designed and Maintained by IMU-KC Library, Kolkata Campus © Copyright All Rights Reserved

webs counters

Powered by Koha